Možnosti využití strukturálních fondů EU k zvýšení konkurenceschopnosti podniků
Možnosť získavania finančných prostriedkov pre rozvoj poľnohospodárstva a vidieka zo štrukturálnych fondov Európskej únie. Využívanie prostriedkov EÚ v predvstupovom období. Programy pre využitie štrukturálnych fondov EÚ. Problematika financovania.
Salvato in:
| Autore principale: | |
|---|---|
| Natura: | Capitolo di libro |
| Lingua: | ceco |
| Soggetti: | |
| Tags: |
Nessun Tag, puoi essere il primo ad aggiungerne!!
|
MARC
| LEADER | 00000naa$a2200000$$$4500 | ||
|---|---|---|---|
| 001 | 0023759 | ||
| 005 | 20221207104930.9 | ||
| 041 | 0 | |a cze | |
| 044 | |a SK | ||
| 245 | 1 | 0 | |a Možnosti využití strukturálních fondů EU k zvýšení konkurenceschopnosti podniků |c Karel Tomšík |
| 520 | |a Možnosť získavania finančných prostriedkov pre rozvoj poľnohospodárstva a vidieka zo štrukturálnych fondov Európskej únie. Využívanie prostriedkov EÚ v predvstupovom období. Programy pre využitie štrukturálnych fondov EÚ. Problematika financovania. | ||
| 610 | 2 | 0 | |a fondy štruktúrne |
| 610 | 2 | 0 | |a podnik poľnohospodársky |
| 610 | 2 | 0 | |a vidiek |
| 610 | 2 | 0 | |a financovanie |
| 610 | 2 | 0 | |a Česko |
| 610 | 2 | 0 | |a Európska únia |
| 100 | 1 | |a Tomšík, Karel | |